000 01562nam a2200313 a 4500
001 BRCA_3213
005 20190320204151.0
008 270209s1765----enka---###---#000-0#eng-#
041 _aeng
044 _aenk
084 _a514
_b.O83
_c1765
100 1 _aCervantes Saavedra, Miguel de
_d1547-1616
_9213
245 1 0 _aThe History and Adventures of the Renowned Don Quixote
_cTranslated from de Spanish of Miguel de Cervantes Saavedra.
250 _a3
260 _aLondres
_bT. Osborne
_c1765
300 _a4 v.
_bil.
_c18 cm.
500 _aContenido : v.1. Primera parte. Dedicatoria del traductor. Vida de Cervantes por Smollett. Nota del traductor. Prólogo del autor. -- v.2. Texto. -- v.3. Segunda parte . Prólogo de Cervantes. Documentos de la edición príncipe. -- v.4. Texto
500 _aEdición : To which is Prefixed, some Account of the Author´s Life by T. Smollett. Illustrated with 28 new Copper-Plates Designed by Hayman
500 _aTercera edición de la traducción de Smollett parecida a la anterior [513], pero con los preeliminares de la segunda parte, de que aquélla carece. Piel; lomeras adornadas con dorados Lúdovik Osterc
500 _aQMB127
546 _aTexto en : inglés
650 1 4 _aNovela española
_yÉpoca clásica, 1500-1700
_9215
650 1 4 _aLiteratura española
_yÉpoca clásica, 1500-1700
_9216
650 1 4 _aNovela española
_ySiglo XVII
_9217
650 1 4 _aDon Quijote (Personaje ficticio)
_eNovela
_9218
740 0 _aEl Ingenioso Hidalgo Don Quijote de la Mancha
902 _aQFM
942 _2lcc
_cB
999 _c2949
_d2949